00921nam a2200229 i 4500001000300000100002300003245006600026260003500092300006100127490002400188500017700212504002400389650005100413655001400464830002400478020001500502040000800517041001100525080001600536008004100552856009800593bg1 aPIOTROWSKA, Joanna10aRenomowane znaki towarowe i ich ochrona /cJoanna Piotrowska. aWarszawa :bC. H. Beck,c2001. aXXVII, [1], 350 s., [4] s. tabl. kolor. :bil. ;c23 cm.1 aPoradniki Prawnicze aNa okł. podtyt.: kryteria rozróżnień, postępowanie patentowe, wzory pism. - Zawiera także teksty aktów prawnych. - Tekst częśc. równol. pol., ang., niem. aBibliogr. - Indeks. 9aZnaki towarowexprawozPolskaystan na 2001 r. aPoradniki aPoradniki Prawnicze a8372471525 cBPK0 aplende a347.77(438) s pl f |000 0 pol  uhttp://koha.tu.koszalin.pl/cgi-bin/koha/opac-detail.pl?biblionumber=41579yKatalog online BPK